Crime e castigo (Record no. 183127)

MARC details
000 -LÍDER
campo de controle de tamanho fixo 00362 a2200169 4500
001 - NÚMERO DE CONTROLE
campo de controle 183127
020 ## - ISBN - INTERNATIONAL STANDARD BOOK NUMBER
ISBN - International Standard Book Number 85-00-21727-8
040 ## - FONTE DA CATALOGAÇÃO
Instituição que transcreveu o registro Magnum
100 ## - ENTRADA PRINCIPAL--NOME PESSOAL
Nome pessoal Dostoievski, F. M.
240 10 - TÍTULO UNIFORME
Título uniforme Crime e castigo
Idioma da obra por
245 10 - TÍTULO
Título Crime e castigo
300 ## - DESCRIÇÃO FÍSICA
Extensão 286
362 0# - DATAS DE PUBLICAÇÃO E/OU DESIGNAÇÃO SEQUENCIAL
Datas de publicação e/ou designação sequencial 1996
440 #1 - DECLARAÇÃO DE SÉRIE/ENTRADA ADICIONADA--TÍTULO
Título Ediouro
697 ## - ENTRADA DE ASSUNTO LOCAL--ENTIDADE COLETIVA (RLIN)
Nome corporativo ou nome da jurisdição LITERATURA GERAL ESTRANGEIRA
942 ## - ELEMENTOS DE ENTRADA ADICIONADOS (KOHA)
Tipo de material Koha Livros
Holdings
Situação do descarte Situação das perdas Situação física Não pode ser emprestado Biblioteca de origem Biblioteca atual Data de aquisição Total de empréstimos Número de chamada completo Código de barras Data de último acesso Data do preço efetivo Tipo de material Koha Fonte da classificação ou esquema de arquivamento na estante Número do exemplar
        Magnum Magnum 08/06/2024   890.2.149 MAG00035970 08/06/2024 08/06/2024 Livros    
        Magnum Magnum 08/06/2024   890.2.149 MAG00035971 08/06/2024 08/06/2024 Livros    
        Portinari - Salvador Portinari - Salvador 18/07/2024   028.5 D724c 4202/CCP 18/07/2024 18/07/2024 Livros   Ex. 1
        Portinari - Salvador Portinari - Salvador 18/07/2024   028.5 D724c 5205/CCP 18/07/2024 18/07/2024 Livros   Ex. 2
        Portinari - Salvador Portinari - Salvador 22/07/2024   028.5 D724c 5204/CCP 22/07/2024 22/07/2024 Livros   Ex. 3